000
00471nam a2200145Ia 4500
008
100122s9999 xx 000 0 und d
082
_b
21675
_a
823.08
100
_a
माडगूळकर ग दि
245
_a
चंदनी उदबत्ती
260
_b
पंडित अनंत कुलकर्णी
_c
1967
300
_a
184
630
_a
चंदनी उदबत्ती
730
_a
चंदनी उदबत्ती
942
_c
BOOK
999
_c
409630
_d
409627